000 00307pam a2200133 a 4500
020 _c
041 _h
082 _a530.13
_bCHI
100 _aCHITALE, RANJEET
245 _aSTATICAL AND QUANTATIVE METHODS
_hTextual Documents
260 _aPUNE
_bNIRALI PRAKAHAN
_c2004
300 _a15.35
930 _a13976
999 _c133287
_d133287